000 01577nam0a2200361 4500
001 RU\NLR\BIBL_A\022289436
005 20260420013106.0
010 _a978-5-907390-57-7
_9500
021 _aRU
_bКН-П-24-034828
_9КН-П-24-3514
021 _aRU
_bКН-П-25-080977
_9КН-П-25-7842
035 _a(NLR Aleph) 022289436
090 _a13662140
_c13662140
100 _a20240805d2024 u y0rusy50 ca
101 0 _arus
102 _aRU
105 _aa j 000yy
181 0 _ai3
_bxxxe
181 0 _ab1
_bxb2e
182 0 _an
200 1 _aРусский язык в комиксах. Трудности грамматики
_eучебное пособие для иностранных учащихся
_e[уровни А2 – В1]
_fДинара Валеева
_gхудожник-иллюстратор: Анна Рыжая
203 _aТекст
_aИзображение
_bвизуальные
_cнепосредственные
210 _aМосква
_cРусский язык. Курсы
_d2024
215 _a146, [1] с.
_cцв. ил., табл.
_d21
320 _aБиблиогр.: с. 146-147 (9 назв.)
333 _a16+
606 1 _aРусский язык
_jУчебные издания для иностранцев
_91533567
_3RU\NLR\AUTH\66969347
686 1 _aШ141.12-93
700 1 _aВалеева
_bД.
_gДинара
702 1 _aРыжая
_bА.
_gАнна
_4440
942 _cBOOK
980 _aNB